The Da Vinci Code / (Record no. 408)

000 -LEADER
fixed length control field 00435nam a2200157Ia 4500
008 - FIXED-LENGTH DATA ELEMENTS--GENERAL INFORMATION
fixed length control field 190805s9999||||xx |||||||||||||| ||und||
020 ## - INTERNATIONAL STANDARD BOOK NUMBER
International Standard Book Number 9780552161275
Terms of availability £ 7.99
082 04 - DEWEY DECIMAL CLASSIFICATION NUMBER
Classification number 813.54
Item number B8126
100 1# - MAIN ENTRY--PERSONAL NAME
Personal name Brown, Dan
245 14 - TITLE STATEMENT
Title The Da Vinci Code /
260 ## - PUBLICATION, DISTRIBUTION, ETC. (IMPRINT)
Place of publication, distribution, etc London :
Name of publisher, distributor, etc Corgib Books (Penguin),
Date of publication, distribution, etc 2009
300 ## - PHYSICAL DESCRIPTION
Extent 589 p.
Other physical details :
Dimensions ; 18 cm
650 #0 - SUBJECT ADDED ENTRY--TOPICAL TERM
Topical term or geographic name as entry element Cryptographers
Form subdivision Fiction
852 ## - LOCATION/CALL NUMBER
Location
942 ## - ADDED ENTRY ELEMENTS (KOHA)
Item type Books
Holdings
Withdrawn status Lost status Damaged status Not for loan Collection code Date acquired Date last seen Koha item type Permanent location Current location Shelving location Source of acquisition Cost, normal purchase price Total Checkouts Full call number Barcode Date last borrowed Public note
        Fiction 2019-08-05 2019-08-05 Books                    
        Fiction 2019-06-26 2024-10-01 Books IMU Kochi Library IMU Kochi Library Fiction & General Green Books 399.00 8 813.54 B8126 BK005588 2024-09-24 Shelf-19, Row-1


Copyright © All Rights Reserved by Indian Maritime University, Kochi Campus.
For any Suggestions/Query Contact to library or Email: library.kochi@imu.ac.in Ph:(0484)-2989402
(Web OPAC Designed by Rudra Ranjan. Maintained by IMU Kochi Library)

Powered by Koha